Η οργάνωση της παιδείας στη Γαλλία και στο Βέλγιο

Saved in:
Bibliographic Details
Main Author: Ξηροτύρης, Ηλίας Ι., 1914-
Format: Book
Language:Greek
Published: Ηράκλειο -Κρήτης : [χ.,ό.], 1956
Subjects:
Tags: Add Tag
No Tags, Be the first to tag this record!

MARC

LEADER 00000cam a2200000 i 4500
001 1/20416
008 120612s1956 gre d
035 |l 10112702 
040 |a GR-MY-UA  |b gre  |e aacr 
041 0 |a gre 
082 0 |a 375.001  |2 (22) 
100 1 |a Ξηροτύρης, Ηλίας Ι.,   |d 1914- 
245 1 2 |a Η οργάνωση της παιδείας στη Γαλλία και στο Βέλγιο /  |c Ηλίας Ι. Ξηροτύρης 
260 |a Ηράκλειο -Κρήτης :   |b [χ.,ό.],   |c 1956 
300 |a 73 σ.;  |b πιν.;  |c 22 εκ. 
650 0 0 |a Education  |z France  |x Curricula. 
650 0 0 |a Education  |z Belgium. 
852 |a INST  |b RHODES  |c AKA  |e 20120612  |h  375.001 ΞΗΡ  |p 005400034439  |q 005400034439  |t BK  |y 0 
901 |a BIBL4-2012-2 
909 |a Ρ  |b 171074 
922 |a 4ΕΛΗ 
970 |z 2012/06/12